[Event "AUTO-INT-3910"]
[Site "http://www.queenalice.com/game.php?id=1854362"]
[Date "2025.3.22"]
[Round "2"]
[White "poeleabois"]
[Black "tche_elvio"]
[Result "1-0"]
[WhiteElo "1656"]
[BlackElo "1492"]

1. e4 c5 2. d4 cxd4 3. Qxd4 Nc6 4. Qd1 e5 5. Nf3 d6 6. Nc3 h6 7. Be2 Be7 8. O-O
Be6 9. h3 Nf6 10. a3 O-O 11. Be3 a6 12. b4 b5 13. Nd5 Nxd5 14. exd5 Bxd5 15.
Qxd5 Bf6 16. Qxc6 e4 17. Nd4 Bxd4 18. Bxd4 d5 19. f3 Qc8 20. Qxc8 Raxc8 21. c3
exf3 22. Bxf3 Rcd8 23. g4 g5 24. Rae1 f6 25. Re6 Kf7 26. Rxa6 Ra8 27. Bxd5+ Kg7
28. Rfxf6 Rxf6 29. Bxf6+ 1-0

[Event "AUTO-INT-3910"]
[Site "http://www.queenalice.com/game.php?id=1854365"]
[Date "2025.3.22"]
[Round "2"]
[White "JoseMessias"]
[Black "poeleabois"]
[Result "1-0"]
[WhiteElo "1688"]
[BlackElo "1709"]

1. g3 e5 2. Bg2 d5 3. d4 e4 4. f4 Nf6 5. c3 Nc6 6. e3 Bg4 7. Ne2 Be7 8. h3 Bxe2
9. Qxe2 O-O 10. g4 g6 11. g5 Nh5 12. b4 Ng3 13. Qg4 Nxh1 14. Bxh1 h5 15. gxh6
Kh7 16. b5 f5 17. Qg2 Kxh6 18. bxc6 bxc6 19. Ba3 Bxa3 20. Nxa3 Qh4+ 21. Qf2 Qxh3
22. O-O-O Kg7 23. Bg2 Qh8 24. Rh1 Qg8 25. Qh4 Kf7 26. c4 Rfb8 27. cxd5 cxd5 28.
Bf1 Qh8 29. Bb5 Qxh4 30. Rxh4 Rh8 31. Bc6 Rxh4 32. Bxa8 Ke6 33. Nb5 Rh8 34. Bc6
Rh1+ 35. Kb2 Rh3 36. Be8 Kf6 37. Nxc7 Rxe3 38. Nxd5+ Kg7 39. Nxe3 Kf6 40. Nd5+
Kg7 41. Ne3 Kf6 42. d5 g5 43. fxg5+ Kxg5 44. d6 f4 45. Ng2 f3 46. Ne3 Kf4 47.
Nf1 e3 48. Nxe3 Kxe3 49. Bb5 Kd4 50. d7 Kc5 51. a4 Kd6 52. d8=Q+ 1-0

[Event "AUTO-INT-3910"]
[Site "http://www.queenalice.com/game.php?id=1854366"]
[Date "2025.3.22"]
[Round "2"]
[White "poeleabois"]
[Black "JoseMessias"]
[Result "1-0"]
[WhiteElo "1692"]
[BlackElo "1721"]

1. e4 e5 2. Nf3 d5 3. exd5 Qxd5 4. Nc3 Qe6 5. d3 Bb4 6. Bd2 Bxc3 7. Bxc3 f6 8.
Be2 e4 9. dxe4 Qxe4 10. Qd3 Bf5 11. Qxe4+ Bxe4 12. O-O Bxc2 13. Nd4 Be4 14. f3
Bd5 15. a3 Nc6 16. Bb5 Ne7 17. Ne6 Bxe6 18. Rfe1 Bd7 19. Re3 O-O 20. Rd1 Be6 21.
Rxe6 Nf5 22. Rd7 Rac8 23. Bxc6 bxc6 24. Rxc6 Rfd8 25. Rxd8+ Rxd8 26. Kf2 Rd7 27.
g4 Nh4 28. Kg3 Ng6 29. Ra6 c5 30. Rc6 Rd5 31. Ra6 Rg5 32. Rxa7 h5 33. h3 h4+ 34.
Kf2 Nf4 35. Kf1 Nxh3 36. Be1 Rd5 37. Bxh4 Rd1+ 38. Be1 Nf4 39. b4 c4 40. b5 c3
41. Rc7 Nd5 42. Rc5 Ne3+ 43. Ke2 Rd5 44. Rxd5 Nxd5 45. Kd3 Nc7 46. Bxc3 Nxb5 47.
a4 Nc7 48. Kc4 Kf7 49. Kc5 Ke7 50. Kc6 Kd8 51. Ba5 Ke7 52. Bxc7 Ke6 53. a5 g5
54. a6 f5 55. a7 fxg4 56. fxg4 1-0

[Event "AUTO-INT-3910"]
[Site "http://www.queenalice.com/game.php?id=1854369"]
[Date "2025.3.22"]
[Round "2"]
[White "poeleabois"]
[Black "game"]
[Result "1/2-1/2"]
[WhiteElo "1711"]
[BlackElo "1500"]

1. e4 d6 2. d4 Nc6 3. d5 Ne5 4. Nc3 e6 5. Nf3 exd5 6. exd5 Qf6 7. Bg5 Qf5 8. Be3
Ng4 9. h3 Ne5 10. Be2 Qg6 11. g4 h5 12. Nxe5 Qf6 13. Nc4 hxg4 14. Bxg4 Nh6 15.
Bxc8 Rxc8 16. Bxa7 b6 17. Nb5 Nf5 18. Qe2+ Be7 19. O-O-O O-O 20. a3 c6 21. Nxb6
cxb5 22. Nxc8 Rxc8 23. Qxb5 Bf8 24. c3 Qg5+ 25. Kb1 Ne7 26. Ka2 Qg2 27. Qf1 Qe4
28. Rd4 Qe5 29. Qe1 Qf6 30. Rd3 Qf5 31. Qe4 Qxe4 32. Rhd1 Qc4+ 33. b3 Qh4 34. c4
Nf5 35. b4 Rxc4 36. R1d2 Rf4 37. b5 Ra4 38. b6 Qc4+ 39. Rb3 Nd4 40. Rxd4 Qxd4
41. b7 Qxa7 42. b8=Q Rxa3+ 43. Kb2 Ra2+ 44. Kb1 Ra1+ 45. Kb2 Qa2+ 46. Kc3 Rc1+
47. Kb4 Rb1 48. Kc3 Qa5+ 49. Kc2 Rxb3 50. Qxb3 Qc5+ 51. Kb2 Qxf2+ 52. Ka3 g5 53.
Qd1 Bg7 54. Qb3 Qc5+ 55. Ka4 Bc3 56. Qb5 Qd4+ 57. Kb3 f5 58. Qb8+ Kg7 59. Qxd6
f4 60. Qc7+ Kg6 61. Qxc3 Qxd5+ 62. Kc2 f3 63. Qd3+ Qxd3+ 64. Kxd3 f2 65. Ke2
f1=Q+ 66. Kxf1 Kh5 67. Kg2 1/2-1/2

[Event "AUTO-INT-3910"]
[Site "http://www.queenalice.com/game.php?id=1854370"]
[Date "2025.3.22"]
[Round "2"]
[White "game"]
[Black "poeleabois"]
[Result "0-1"]
[WhiteElo "1430"]
[BlackElo "1604"]

1. e4 e5 2. Nf3 Nc6 3. d4 exd4 4. Nxd4 Nxd4 5. Qxd4 c5 6. Qe5+ Qe7 7. Qc3 Qxe4+
8. Be2 Qxg2 9. Qe3+ Be7 10. Bf3 Qg6 11. Na3 Nf6 12. Bd2 Ng4 13. Bxg4 Qxg4 14.
Rf1 Qe6 15. Kd1 Qxe3 16. Bxe3 O-O 17. Rg1 Kh8 18. Ke2 d6 19. Bd2 Bf6 20. Bf4
Bxb2 21. Bxd6 Re8+ 22. Kf3 Bxa1 23. Rxa1 b6 24. Nb5 Bb7+ 25. Kg3 Rad8 26. Nc7
Re2 27. Bf4 Rxc2 28. Bg5 Rd3+ 29. f3 Rxf3+ 30. Kg4 Rg2+ 31. Kh5 Rh3+ 32. Bh4 g6+
33. Kh6 Rxh4# 0-1